000 00705nam a22002297a 4500
003 UA-OsUOA
001 41957
007 ta
008 20061019b un ||||| |||| 00| 0 ukr d
100 _aНазарчук М.
700 _aКурбацький Г.
090 _a330(477)
_bН-11
942 _cSA
040 _aUA-OsUOA
_bukr
_cUA-OsUOA
_dUA-OsUOA
245 _aПерехідна економіка і фондовий ринок України: порівняльний аналіз динаміки показників у 1996-2005 рр.
300 _aС.14-25
955 _a0
041 _aukr
080 _a330(477)
773 0 _w41956
650 7 _a330 Економіка взагалі
_2UDC
999 _c328089
_d328089